000 00343 a2200157 4500
001 44595
020 _a851130004X
040 _cAnchieta - Aquarius
100 _aLobato, Monteiro
240 1 0 _aA pílula falante
_lpor
245 1 0 _aA pílula falante
300 _a
362 0 _a1987
650 4 _aLiteratura infanto-juvenil
942 _cBK
999 _c44595
_d44595